[Event "4NCL Division 4 South"]
[Site "Reading, ENG"]
[Date "2018.05.05"]
[Round "9.11"]
[White "Norman, Kenneth I"]
[Black "Calvert, D Ian"]
[Result "1-0"]
[WhiteElo "2105"]
[BlackElo "1912"]
[PlyCount "165"]
[EventDate "2018.05.05"]

1. Nf3 d5 2. g3 Nf6 3. Bg2 g6 4. d4 Bg7 5. c4 c6 6. cxd5 cxd5 7. Ne5 Ne4 8. O-O
O-O 9. Nd2 Nd7 10. Nxe4 dxe4 11. Bxe4 Nxe5 12. dxe5 Qxd1 13. Rxd1 Bxe5 14. Bh6
Bg7 15. Bxg7 Kxg7 16. Rac1 Be6 17. Bxb7 Rab8 18. Rc7 Rfd8 19. Rxd8 Rxd8 20. Ba6
Rd2 21. Rxa7 Rxb2 22. a4 Kf6 23. a5 Bd5 24. f3 e5 25. Bd3 Rb4 26. Ra6+ Ke7 27.
Ra7+ Kf6 28. Kf2 e4 29. fxe4 Bxe4 30. Bxe4 Rxe4 31. a6 Ra4 32. Ra8 Kg7 33. a7
f5 34. h3 Kf6 35. Kf3 Kg7 36. g4 h6 37. gxf5 gxf5 38. Ke3 Kh7 39. Kd3 Kg7 40.
Kc3 Kh7 41. Kb3 Ra1 42. Kc4 Kg7 43. Kd5 Ra5+ 44. Ke6 f4 45. h4 Ra6+ 46. Kf5 Ra4
47. h5 Kh7 48. Ke5 Kg7 49. Ke6 Ra6+ 50. Kf5 Ra4 51. Kg4 Kh7 52. Rf8 Rxa7 53.
Kxf4 Kg7 54. Rf5 Ra1 55. e4 Ra4 56. Rb5 Ra1 57. Rb7+ Kf8 58. Kf5 Ra6 59. e5 Ra1
60. e6 Re1 61. Rh7 Rf1+ 62. Ke5 Re1+ 63. Kd6 Rd1+ 64. Kc7 Re1 65. Rf7+ Ke8 66.
Kd6 Rd1+ 67. Ke5 Re1+ 68. Kf6 Rf1+ 69. Kg7 Re1 70. Rf6 Ke7 71. Rxh6 Re3 72. Rh7
Rxe6 73. Kg8+ Ke8 74. Rg7 Rh6 75. Rg5 Rf6 76. Re5+ Kd7 77. Kg7 Rf1 78. h6 Rg1+
79. Kf6 Rh1 80. Kg6 Rg1+ 81. Rg5 Rh1 82. h7 Ke7 83. Kg7 1-0

[Event "4NCL Division 4 South"]
[Site "Reading, ENG"]
[Date "2018.05.05"]
[Round "9.12"]
[White "Szymanski, Mark"]
[Black "Ruthen, Stephen W"]
[Result "0-1"]
[WhiteElo "1894"]
[BlackElo "1986"]
[PlyCount "72"]
[EventDate "2018.05.05"]

1. d4 Nf6 2. c4 g6 3. g3 Bg7 4. Bg2 d6 5. Nf3 O-O 6. Nc3 Nc6 7. O-O a6 8. Qd3
e5 9. dxe5 dxe5 10. Qxd8 Rxd8 11. e4 Bg4 12. h3 Bxf3 13. Bxf3 Nd4 14. Bg2 Nd7
15. b3 Nc5 16. Be3 Nce6 17. Rad1 c6 18. Rd2 Bf8 19. Rdd1 Bb4 20. Nb1 Kg7 21. a3
Be7 22. b4 a5 23. c5 axb4 24. axb4 Ra4 25. Bd2 Bg5 26. Bxg5 Nxg5 27. Nc3 Rxb4
28. f4 Rb3 29. Na4 exf4 30. gxf4 Ne2+ 31. Kh2 Rxd1 32. Rxd1 Nxf4 33. Re1 Ra3
34. Nb2 Ra2 35. Rb1 Nxg2 36. Kxg2 Nxe4 0-1

[Event "4NCL Division 4 South"]
[Site "Reading, ENG"]
[Date "2018.05.05"]
[Round "9.13"]
[White "Feavyour, John A"]
[Black "Gibbs, Dominic V"]
[Result "1/2-1/2"]
[WhiteElo "1989"]
[BlackElo "1880"]
[PlyCount "87"]
[EventDate "2018.05.05"]

1. d4 f5 2. g3 Nf6 3. Bg2 g6 4. Nf3 Bg7 5. O-O O-O 6. b4 c6 7. Bb2 d5 8. Nbd2
Kh8 9. a4 Be6 10. Ne5 Nbd7 11. Ndf3 a5 12. bxa5 Qxa5 13. Qd3 Ne4 14. Nxd7 Bxd7
15. Ne5 Be6 16. f3 Nd6 17. Bc3 Qc7 18. Rfb1 Ra6 19. e3 Rfa8 20. Rb4 b5 21. Bf1
Rxa4 22. Rbxa4 bxa4 23. Bb4 Nf7 24. f4 Nxe5 25. fxe5 Kg8 26. Qc3 Kf7 27. Bb5
Bd7 28. Rxa4 Rxa4 29. Bxa4 Bf8 30. Qc5 Qb8 31. c4 e6 32. Qxf8+ Qxf8 33. Bxf8
Kxf8 34. cxd5 exd5 35. Kf2 Ke7 36. Kf3 g5 37. Ke2 Kd8 38. Kd3 Kc7 39. Kc3 Kb6
40. Kb4 Be6 41. Bd1 g4 42. Be2 Bd7 43. Bf1 Be6 44. Bd3 1/2-1/2

[Event "4NCL Division 4 South"]
[Site "Reading, ENG"]
[Date "2018.05.05"]
[Round "9.14"]
[White "Kenning, Paul H"]
[Black "Crombleholme, Alan K"]
[Result "1/2-1/2"]
[WhiteElo "1841"]
[BlackElo "1992"]
[PlyCount "49"]
[EventDate "2018.05.05"]

1. e4 c6 2. d4 d5 3. exd5 cxd5 4. c4 Nf6 5. Nc3 Nc6 6. Bg5 Be6 7. Nf3 Ne4 8.
Nxe4 dxe4 9. d5 exf3 10. dxe6 Qa5+ 11. Qd2 Qe5+ 12. Qe3 O-O-O 13. Qxe5 Nxe5 14.
Rd1 Rxd1+ 15. Kxd1 g6 16. exf7 Nxf7 17. Be3 Bg7 18. Kc2 fxg2 19. Bxg2 Kb8 20.
Rd1 Rd8 21. Bd5 Nh6 22. Bf4+ e5 23. Bg5 Rf8 24. Be6 Nf5 25. Bxf5 1/2-1/2

[Event "4NCL Division 4 South"]
[Site "Reading, ENG"]
[Date "2018.05.05"]
[Round "9.15"]
[White "Reynolds, D Ian W"]
[Black "Lightfoot, Malcolm J"]
[Result "1/2-1/2"]
[WhiteElo "1955"]
[BlackElo "1881"]
[PlyCount "62"]
[EventDate "2018.05.05"]

1. e4 c5 2. Nc3 Nc6 3. f4 g6 4. Nf3 Bg7 5. Bb5 Nd4 6. O-O a6 7. Bc4 e6 8. d3 b5
9. Bb3 Nxb3 10. axb3 b4 11. Na4 d6 12. Qe1 Ne7 13. Bd2 Nc6 14. Qg3 O-O 15. Kh1
a5 16. e5 Nd4 17. Nxd4 cxd4 18. c4 bxc3 19. bxc3 Rb8 20. Rfb1 dxe5 21. fxe5
dxc3 22. Bxc3 Qd5 23. Qf3 Rxb3 24. Qxd5 Rxb1+ 25. Rxb1 exd5 26. d4 Bf5 27. Rb5
Be4 28. Kg1 f6 29. e6 Re8 30. Nc5 Bf5 31. Rxa5 Bxe6 1/2-1/2

[Event "4NCL Division 4 South"]
[Site "Reading, ENG"]
[Date "2018.05.05"]
[Round "9.16"]
[White "Donaghay, Richard H"]
[Black "Botham, C Paul"]
[Result "1/2-1/2"]
[WhiteElo "1845"]
[BlackElo "1958"]
[PlyCount "59"]
[EventDate "2018.05.05"]

1. e4 Nf6 2. Nc3 d6 3. d4 c6 4. Be3 e5 5. dxe5 dxe5 6. Qxd8+ Kxd8 7. O-O-O+
Nbd7 8. f3 Be7 9. Nge2 Kc7 10. Ng3 Nb6 11. Be2 Rd8 12. f4 Nfd7 13. Rd2 f6 14.
Nf5 Bf8 15. Rhd1 Re8 16. a3 g6 17. Nd6 Re6 18. Nxc8 Rxc8 19. Bg4 Rd6 20. Bxb6+
axb6 21. Bxd7 Kxd7 22. fxe5 fxe5 23. Rxd6+ Bxd6 24. Na4 Rf8 25. Nxb6+ Ke6 26.
Nc4 Bc7 27. g3 Rf2 28. Rd2 Rf1+ 29. Rd1 Rf2 30. Rd2 1/2-1/2

[Event "4NCL Division 4 South"]
[Site "Reading, ENG"]
[Date "2018.05.05"]
[Round "9.21"]
[White "Ireland, David J"]
[Black "Hayward, Philip"]
[Result "0-1"]
[WhiteElo "1997"]
[BlackElo "1894"]
[PlyCount "82"]
[EventDate "2018.05.05"]

1. Nf3 c5 2. e4 d6 3. d4 cxd4 4. Nxd4 Nf6 5. Nc3 Nc6 6. Bc4 g6 7. Nxc6 bxc6 8.
e5 Ng4 9. e6 f5 10. Qe2 Bg7 11. Bf4 Rb8 12. Bb3 Qa5 13. O-O Ba6 14. Qf3 O-O 15.
Bxd6 Bxf1 16. Rxf1 Rxb3 17. axb3 exd6 18. Qxc6 Qe5 19. g3 Qxe6 20. Rd1 Be5 21.
Nb5 f4 22. h3 Nf6 23. g4 Rc8 24. Qb7 Rxc2 25. Ra1 Qd7 26. Qa6 f3 27. Na3 Rxb2
28. Nc4 Re2 29. Nxe5 Rxe5 30. Rc1 Re8 31. Rd1 Re6 32. Qd3 Qc6 33. Ra1 d5 34.
Qxf3 d4 35. Qxc6 Rxc6 36. Rxa7 Rd6 37. Kf1 Nd7 38. Ke2 d3+ 39. Kd2 Nc5 40. b4
Ne4+ 41. Kd1 d2 0-1

[Event "4NCL Division 4 South"]
[Site "Reading, ENG"]
[Date "2018.05.05"]
[Round "9.22"]
[White "Neatherway, A Philip"]
[Black "Pink, Joshua"]
[Result "1/2-1/2"]
[WhiteElo "1810"]
[BlackElo "2050"]
[PlyCount "94"]
[EventDate "2018.05.05"]

1. e4 e5 2. Nf3 Nf6 3. Nc3 Bb4 4. Nxe5 O-O 5. Nd3 Bxc3 6. dxc3 Nxe4 7. Be2 d5
8. O-O Nd7 9. f3 Nef6 10. Bg5 h6 11. Bh4 Re8 12. Qd2 Nf8 13. Rad1 Ng6 14. Bg3
Nh5 15. Bf2 Qg5 16. Qxg5 hxg5 17. Rfe1 Nhf4 18. Nxf4 Nxf4 19. Bd3 Bd7 20. Rxe8+
Rxe8 21. Re1 $11 21... Rxe1+ 22. Bxe1 d4 23. cxd4 Nxd3 24. cxd3 Bf5 25. Bg3 c6
26. Bb8 a5 27. Bd6 Bxd3 28. Kf2 f6 29. Ke3 Bb1 30. a4 Bc2 31. Bc7 Kf7 32. Bxa5
Ke6 33. Bb4 Bxa4 34. Bf8 g6 35. b4 Kd5 36. Be7 Ke6 37. Bf8 f5 38. f4 g4 39. h4
gxh3 40. gxh3 Kd5 41. Bc5 Kc4 42. Kd2 Bb3 43. h4 Ba4 44. Ke3 Kc3 45. Be7 Kc2
46. Bc5 Kd1 47. Be7 Kc2 1/2-1/2

[Event "4NCL Division 4 South"]
[Site "Reading, ENG"]
[Date "2018.05.05"]
[Round "9.23"]
[White "Nwachukwu, Chino"]
[Black "Cole, Graham"]
[Result "1-0"]
[WhiteElo "1915"]
[BlackElo "1848"]
[PlyCount "71"]
[EventDate "2018.05.05"]

1. e4 c5 2. Nf3 d6 3. d4 cxd4 4. Nxd4 Nf6 5. Nc3 g6 6. Be2 Bg7 7. Be3 O-O 8.
Qd2 Nc6 9. h4 Ng4 10. Bxg4 Bxg4 11. f3 Bd7 12. h5 Ne5 13. hxg6 fxg6 14. Bh6
Bxh6 15. Qxh6 Rf7 16. O-O-O Rc8 17. Nd5 e6 18. Nf4 Qf6 19. Nh3 Rg7 20. Ng5 Qf4+
21. Kb1 Re8 22. b3 Qe3 23. f4 Nf7 24. Qxg7+ Kxg7 25. Rxh7+ Kg8 26. Rxf7 e5 27.
Rxd7 exd4 28. Rh1 Rxe4 29. a3 Re7 30. Rd8+ Re8 31. Rxd6 Kf8 32. Rh8+ Kg7 33.
Rh7+ Kf8 34. Rf7+ Kg8 35. Rxg6+ Kh8 36. Rh7# 1-0

[Event "4NCL Division 4 South"]
[Site "Reading, ENG"]
[Date "2018.05.05"]
[Round "9.24"]
[White "Bush, Ian"]
[Black "Goodwin, Ed H"]
[Result "0-1"]
[WhiteElo "1832"]
[BlackElo "1840"]
[PlyCount "80"]
[EventDate "2018.05.05"]

1. e4 c5 2. d4 cxd4 3. c3 d3 4. Bxd3 Nc6 5. Nf3 d6 6. h3 g6 7. Be3 Bg7 8. Qd2
Bd7 9. O-O Nf6 10. c4 a6 11. Nc3 Qa5 12. Rac1 O-O 13. Qe2 Rab8 14. Nd5 Nxd5 15.
exd5 Ne5 16. Nxe5 Bxe5 17. f4 Bf6 18. b3 b5 19. c5 dxc5 20. Bxc5 Rfe8 21. f5
Qd8 22. Qf2 Bc8 23. fxg6 fxg6 24. d6 exd6 25. Bxd6 Re6 26. Bc7 Qd7 27. Qc2 Ra8
28. Bf4 Bb7 29. Rfd1 Qd4+ 30. Qf2 Qxf2+ 31. Kxf2 Bd4+ 32. Kg3 Bb6 33. Bc7 Be3
34. Rc2 Rf8 35. Re2 g5 36. Ba5 Bf4+ 37. Kg4 Rxe2 38. Bxe2 Bxg2 39. Rd7 Be4 40.
Bc3 Bf5+ 0-1

[Event "4NCL Division 4 South"]
[Site "Reading, ENG"]
[Date "2018.05.05"]
[Round "9.25"]
[White "Price, Andrew"]
[Black "Gentry, Alan E"]
[Result "1-0"]
[WhiteElo "1832"]
[BlackElo "1744"]
[PlyCount "67"]
[EventDate "2018.05.05"]

1. e4 c5 2. Nf3 d6 3. Bb5+ Bd7 4. Bxd7+ Qxd7 5. O-O Nc6 6. Nc3 Nf6 7. Re1 e6 8.
d4 cxd4 9. Nxd4 Be7 10. Nf3 O-O 11. h3 Rfd8 12. Bf4 Rac8 13. Qe2 a6 14. Red1
Qe8 15. Rd2 Rd7 16. Na4 d5 17. Nb6 Nxe4 18. Nxc8 Qxc8 19. Rdd1 Bf6 20. c4 Re7
21. cxd5 exd5 22. Qc2 Qf5 23. Be3 h5 24. Rac1 Rd7 25. Nd4 Bxd4 26. Bxd4 Rd8 27.
Bb6 Rc8 28. f3 Qf4 29. fxe4 Ne7 30. Qb1 dxe4 31. Rxc8+ Nxc8 32. Rd8+ Kh7 33.
Rxc8 f5 34. Qc1 1-0

[Event "4NCL Division 4 South"]
[Site "Reading, ENG"]
[Date "2018.05.05"]
[Round "9.26"]
[White "Rayner, Hugo"]
[Black "Woolgar, Steven G"]
[Result "1/2-1/2"]
[WhiteElo "1577"]
[BlackElo "1780"]
[PlyCount "55"]
[EventDate "2018.05.05"]

1. e4 c5 2. Nc3 Nc6 3. Bb5 g6 4. f4 Bg7 5. Nf3 e6 6. d3 Nge7 7. O-O a6 8. Bxc6
Nxc6 9. Kh1 O-O 10. e5 d5 11. exd6 Qxd6 12. Ne4 Qe7 13. Rb1 e5 14. fxe5 Nxe5
15. Nxe5 Qxe5 16. Bf4 Qd5 17. Bd6 Re8 18. Bxc5 Rxe4 19. dxe4 Qxc5 20. Qd8+ Qf8
21. Qc7 b5 22. b3 Be6 23. Qb6 Qc8 24. Rf2 Rb8 25. Qd6 Bf8 26. Qd3 Be7 27. h3
Qc5 28. Re2 1/2-1/2

[Event "4NCL Division 4 South"]
[Site "Reading, ENG"]
[Date "2018.05.05"]
[Round "9.31"]
[White "Webb, Richard M"]
[Black "Kalitsis, Nikolaos"]
[Result "1/2-1/2"]
[WhiteElo "2218"]
[BlackElo "2049"]
[PlyCount "85"]
[EventDate "2018.05.05"]

1. e4 e6 2. d3 d5 3. Nd2 Nf6 4. Ngf3 c5 5. g3 Nc6 6. Bg2 b6 7. O-O Bb7 8. Re1
Be7 9. c3 Qc7 10. exd5 Nxd5 11. Nc4 O-O-O 12. a4 a6 13. Qb3 Kb8 14. Ng5 Bxg5
15. Bxg5 f6 16. Bd2 e5 17. f4 Ka7 18. fxe5 Nxe5 19. Nxe5 fxe5 20. Rad1 h6 21.
Qc4 Rhe8 22. d4 Nf6 23. dxc5 Qxc5+ 24. Qxc5 bxc5 25. Be3 Nd7 26. Rd6 Bxg2 27.
Kxg2 Nb6 28. Rxd8 Rxd8 29. Bxc5 Kb7 30. Bxb6 Kxb6 31. Rxe5 Rd2+ 32. Kh3 Rxb2
33. a5+ Ka7 34. Re7+ Rb7 35. Re6 Rb5 36. Rg6 Rxa5 37. Rxg7+ Kb8 38. Rh7 Rh5+
39. Kg2 a5 40. g4 Re5 41. Kf3 Re6 42. Rd7 Rc6 43. h4 1/2-1/2

[Event "4NCL Division 4 South"]
[Site "Reading, ENG"]
[Date "2018.05.05"]
[Round "9.32"]
[White "Vlcek, Marek"]
[Black "Coates, Kenneth G"]
[Result "1/2-1/2"]
[WhiteElo "1968"]
[BlackElo "2084"]
[PlyCount "101"]
[EventDate "2018.05.05"]

1. d4 d5 2. Nf3 Nf6 3. e3 g6 4. Bd3 Bg7 5. Nbd2 O-O 6. O-O c5 7. c3 Nc6 8. Qe2
Bg4 9. h3 Bxf3 10. Nxf3 Re8 11. Rd1 Qa5 12. Bd2 c4 13. Bc2 Rac8 14. b3 b5 15.
a4 b4 16. cxb4 Nxb4 17. bxc4 dxc4 18. Bxb4 Qxb4 19. Rdb1 Qd6 20. Ne5 Nd5 21.
Nxc4 Qc6 22. Bb3 Nc3 23. Qf3 Nxb1 24. Rxb1 Red8 25. Qe2 Qe4 26. Rd1 e5 27. d5
Rxd5 28. Nd6 Rxd6 29. Rxd6 Qb4 30. Qd1 Rc3 31. Rd8+ Bf8 32. Bd5 Qe7 33. Rb8 Qc7
34. Rb1 a5 35. e4 Bb4 36. Qe2 Qc5 37. Qb5 Rc1+ 38. Rxc1 Qxc1+ 39. Kh2 Qf4+ 40.
Kg1 Qc1+ 41. Kh2 $11 41... Kg7 42. Qc4 Qf4+ 43. Kg1 Be1 44. Qc2 h5 45. Qe2 Bc3
46. g3 Qc1+ 47. Kg2 Bd4 48. Qf3 f6 49. Qe2 Qa1 50. Ba2 Qc3 51. Qc4 1/2-1/2

[Event "4NCL Division 4 South"]
[Site "Reading, ENG"]
[Date "2018.05.05"]
[Round "9.33"]
[White "Purdon, Colin"]
[Black "Lawson, Maurice E"]
[Result "1-0"]
[WhiteElo "2055"]
[BlackElo "1964"]
[PlyCount "81"]
[EventDate "2018.05.05"]

1. d4 d5 2. c4 c6 3. Nf3 Nf6 4. Nc3 dxc4 5. a4 Na6 6. e4 Bg4 7. Bxc4 e6 8. O-O
Be7 9. Be3 O-O 10. h3 Bh5 11. g4 Bg6 12. Ne5 Nd7 13. Nxc6 bxc6 14. Bxa6 Qa5 15.
Qe2 Bb4 16. f3 Rab8 17. Rfc1 Rb6 18. Bc4 Rfb8 19. Na2 Be7 20. Bd2 Qxa4 21. Nc3
Qb4 22. Nd5 cxd5 23. Bxb4 Rxb4 24. Bd3 Bg5 25. Rc2 Rxd4 26. Rxa7 Ne5 27. Rac7
h5 28. Rc8+ Rxc8 29. Rxc8+ Kh7 30. Rc3 h4 31. Kh1 Nxd3 32. Rxd3 Rb4 33. exd5
exd5 34. Rxd5 Bf6 35. Rb5 Rd4 36. Rb8 Bd3 37. Qe3 g5 38. Rb6 Bg7 39. Qxg5 Bc4
40. Qh5+ Kg8 41. Rb8+ 1-0

[Event "4NCL Division 4 South"]
[Site "Reading, ENG"]
[Date "2018.05.05"]
[Round "9.34"]
[White "Rice, Chris B"]
[Black "Johnson, Derek R"]
[Result "1/2-1/2"]
[WhiteElo "1963"]
[BlackElo "2050"]
[PlyCount "108"]
[EventDate "2018.05.05"]

1. c4 c5 2. g3 Nf6 3. Bg2 e6 4. Nf3 Nc6 5. O-O Be7 6. Nc3 O-O 7. d4 cxd4 8.
Nxd4 a6 9. b3 Qc7 10. Bb2 d6 11. Rc1 Bd7 12. Nd5 Qd8 13. Nxe7+ Qxe7 14. Ba3
Rfd8 15. Qd2 Nxd4 16. Qxd4 Bc6 17. e4 e5 18. Qe3 b5 19. Rfd1 bxc4 20. Rxc4 Bb5
21. Rc2 Ne8 22. h3 Rac8 23. Rdc1 Qb7 24. Bf1 Bxf1 25. Kxf1 Rxc2 26. Rxc2 d5 27.
exd5 Qxd5 28. Rc1 h6 29. Kg1 Kh7 30. Re1 Qd4 31. Qxe5 Qxe5 32. Rxe5 Nf6 33. Ra5
Rd1+ 34. Kg2 Rd2 35. Bc5 Ne4 36. Be3 Rd6 37. b4 Nc3 38. a4 Kg6 39. b5 axb5 40.
axb5 Rd5 41. Ra6+ f6 42. b6 Rb5 43. Ra7 Nd5 44. b7 Nxe3+ 45. fxe3 f5 46. Kf3
Kf6 47. Ra6+ Kf7 48. Ra7 Kf6 49. g4 fxg4+ 50. hxg4 g6 51. Ke4 h5 52. gxh5 gxh5
53. Kf4 Rb4+ 54. Kg3 Kg5 1/2-1/2

[Event "4NCL Division 4 South"]
[Site "Reading, ENG"]
[Date "2018.05.05"]
[Round "9.35"]
[White "Tart, Peter K"]
[Black "Foley, John P"]
[Result "1/2-1/2"]
[WhiteElo "1939"]
[BlackElo "1957"]
[PlyCount "150"]
[EventDate "2018.05.05"]

1. e4 c6 2. d4 d5 3. exd5 cxd5 4. Bd3 Nc6 5. c3 Nf6 6. h3 g6 7. Bg5 Bg7 8. Nf3
O-O 9. O-O a6 10. Re1 b5 11. Nbd2 Re8 12. Ne5 Bb7 13. Ng4 Nxg4 14. Qxg4 Qc8 15.
Qf3 e5 16. Bf1 exd4 17. Bf6 dxc3 18. Bxg7 Kxg7 19. Qxc3+ d4 20. Qc5 Qd7 21. Ne4
Re5 22. Qb6 Qe7 23. Rac1 Re8 24. Nd6 Rxe1 25. Rxe1 Qxe1 26. Qxb7 Qe6 27. Nxe8+
Qxe8 28. Qxa6 b4 29. Qc4 Qd7 30. Qc5 d3 31. Bxd3 Qxd3 32. Qxc6 Qb1+ 33. Kh2
Qxb2 34. Qc4 $11 34... Qxf2 35. Qxb4 Qxa2 36. Qd4+ f6 37. Qd7+ Qf7 38. Qc6 Qe7
39. Qf3 h5 40. h4 Qc7+ 41. g3 Qc2+ 42. Kh3 Qb1 43. Kh2 Qb6 44. Qe2 Qb7 45. Kg1
Qc7 46. Qf3 Qe5 47. Kh2 Qb5 48. Kg1 Qd7 49. Kh2 Qc8 50. Qe4 Qd7 51. Qf3 Qa7 52.
Kg2 Qa2+ 53. Kg1 Qb2 54. Kh1 Qc1+ 55. Kg2 Qd2+ 56. Kh3 Qb2 57. Qd3 Qb7 58. Kh2
Qf7 59. Qc3 Qa2+ 60. Kg1 Qb1+ 61. Kh2 Qb6 62. Kg2 Qd6 63. Qf3 Qa6 64. Kg1 Kf7
65. Qd5+ Qe6 66. Qb7+ Qe7 67. Qb3+ Kg7 68. Qf3 Kh6 69. Qf4+ g5 70. hxg5+ fxg5
71. Qd4 Qe6 72. Kg2 g4 73. Qd2+ Kg6 74. Qd3+ Qf5 75. Qd6+ Kf7 1/2-1/2

[Event "4NCL Division 4 South"]
[Site "Reading, ENG"]
[Date "2018.05.05"]
[Round "9.36"]
[White "Fowler, David"]
[Black "Love, James"]
[Result "1-0"]
[WhiteElo "1910"]
[BlackElo "1510"]
[PlyCount "51"]
[EventDate "2018.05.05"]

1. d4 e6 2. c4 f5 3. Nc3 Nf6 4. Bg5 Be7 5. g3 O-O 6. Bg2 Qe8 7. Nh3 Nh5 8. Bxe7
Qxe7 9. e3 d6 10. Qxh5 Nd7 11. O-O Nf6 12. Qd1 Ng4 13. Qd2 e5 14. Nd5 Qf7 15.
Ng5 Qh5 16. h4 h6 17. Ne7+ Kh8 18. f3 Nf6 19. Nxc8 hxg5 20. Ne7 c6 21. Nxf5 g4
22. Nxd6 g5 23. hxg5 Qxg5 24. f4 Qh6 25. dxe5 Nh5 26. Kf2 1-0

[Event "4NCL Division 4 South"]
[Site "Reading, ENG"]
[Date "2018.05.05"]
[Round "9.41"]
[White "Wallace, John Paul"]
[Black "Briscoe, Chris"]
[Result "0-1"]
[WhiteElo "2399"]
[BlackElo "2202"]
[PlyCount "80"]
[EventDate "2018.05.05"]

1. e4 c5 2. Nc3 Nc6 3. Nge2 g6 4. d4 cxd4 5. Nxd4 Bg7 6. Be3 Nf6 7. Bc4 Ng4 8.
Qxg4 Nxd4 9. Qd1 Nc6 10. Qd2 Qa5 11. Bh6 Bxc3 12. bxc3 d6 13. Rb1 Be6 14. Bd5
O-O-O 15. O-O Bxd5 16. exd5 Ne5 17. Rb4 b6 18. Rfb1 Rd7 19. c4 Rc7 20. Qe2 Qxa2
21. f4 a5 22. Rxb6 Nxc4 23. R6b5 Na3 24. Rb8+ Kd7 25. Bg5 e6 26. h3 Qxd5 27.
Rxh8 Qd4+ 28. Kh1 Qxh8 29. Rd1 Qc3 30. Qa6 Qc5 31. Qa8 Rc8 32. Qb7+ Qc7 33. Qa6
d5 34. Kh2 Qxc2 35. Qxa5 Qxd1 36. Qxa3 Rc7 37. f5 Qd4 38. Qe7+ Kc6 39. Qe8+ Kb7
40. Be7 Qf4+ 0-1

[Event "4NCL Division 4 South"]
[Site "Reading, ENG"]
[Date "2018.05.05"]
[Round "9.42"]
[White "Scott, David A"]
[Black "Wilks, Simon"]
[Result "1-0"]
[WhiteElo "2142"]
[BlackElo "2020"]
[PlyCount "63"]
[EventDate "2018.05.05"]

1. d4 Nf6 2. c4 e6 3. Nc3 Bb4 4. e3 O-O 5. Nge2 d5 6. a3 Be7 7. Nf4 c6 8. Qc2
Nbd7 9. cxd5 exd5 10. Bd3 Re8 11. O-O Nf8 12. b4 Bd6 13. b5 Bxf4 14. exf4 Ne6
15. bxc6 Nxd4 16. cxb7 Bxb7 17. Qa4 Ne6 18. Bb5 Rf8 19. f5 Nc5 20. Qb4 Rc8 21.
Bg5 h6 22. Bh4 a6 23. Be2 Qd6 24. Rad1 Rfd8 25. Bf3 Qe5 26. Bxf6 gxf6 27. Rfe1
Qxf5 28. Bg4 Qg5 29. Bxc8 Rxc8 30. Re3 Qf5 31. Ne2 a5 32. Qxa5 1-0

[Event "4NCL Division 4 South"]
[Site "Reading, ENG"]
[Date "2018.05.05"]
[Round "9.43"]
[White "Penna, Tommaso"]
[Black "Singleton, Michael P F"]
[Result "1/2-1/2"]
[WhiteElo "1984"]
[BlackElo "2077"]
[PlyCount "67"]
[EventDate "2018.05.05"]

1. e4 c5 2. Nf3 Nc6 3. d4 cxd4 4. Nxd4 e5 5. Nb5 d6 6. c4 Be7 7. N1c3 a6 8. Na3
Nf6 9. Be2 O-O 10. O-O Be6 11. Be3 Rc8 12. Rc1 Nd7 13. Qd2 Nd4 14. Nd5 Bxd5 15.
cxd5 Nc5 16. f3 b5 17. Nc2 Nxc2 18. Rxc2 Nd7 19. Rxc8 Qxc8 20. Rc1 Qd8 21. Rc6
Nb8 22. Bb6 Qe8 23. Rc2 Bd8 24. Be3 Qd7 25. Qb4 h6 26. a4 Bg5 27. Bb6 Rc8 28.
Rxc8+ Qxc8 29. Qc3 Qb7 30. Qc7 Be3+ 31. Kf1 Qxb6 32. Qc8+ Kh7 33. Qf5+ Kh8 34.
Qc8+ 1/2-1/2

[Event "4NCL Division 4 South"]
[Site "Reading, ENG"]
[Date "2018.05.05"]
[Round "9.44"]
[White "Seymour, Timothy P"]
[Black "Jones, Tibor"]
[Result "1-0"]
[WhiteElo "2038"]
[BlackElo "1889"]
[PlyCount "37"]
[EventDate "2018.05.05"]

1. d4 d5 2. Nf3 Nf6 3. c4 c6 4. e3 e6 5. Nc3 Nbd7 6. Bd2 Bd6 7. Bd3 O-O 8. O-O
dxc4 9. Bxc4 b5 10. Bd3 Bb7 11. Rc1 e5 12. Ne4 Nxe4 13. Bxe4 Rc8 14. dxe5 Nxe5
15. Bc3 Qe7 16. Nxe5 f5 17. Bxc6 Bxc6 18. Nxc6 Rxc6 19. Qd5+ 1-0

[Event "4NCL Division 4 South"]
[Site "Reading, ENG"]
[Date "2018.05.05"]
[Round "9.45"]
[White "Siddharth, Gopakumar"]
[Black "Faulks, Nick"]
[Result "1/2-1/2"]
[WhiteElo "1838"]
[BlackElo "1919"]
[PlyCount "60"]
[EventDate "2018.05.05"]

1. e4 c5 2. Nf3 e6 3. d3 Nc6 4. g3 b5 5. Bg2 Bb7 6. O-O d6 7. a4 b4 8. c3 e5 9.
d4 cxd4 10. cxd4 a5 11. Be3 g6 12. Nbd2 Ba6 13. Re1 Bg7 14. d5 Nce7 15. Rc1 Nf6
16. Bf1 Bxf1 17. Kxf1 Ng4 18. Qb3 h5 19. Nc4 Nxe3+ 20. Nxe3 Bh6 21. Nd2 h4 22.
Kg2 Qd7 23. Ndc4 Rb8 24. Nxa5 hxg3 25. hxg3 Bxe3 26. Qxe3 Qh3+ 27. Kf3 Qh5+ 28.
Kg2 Qh3+ 29. Kf3 Qh5+ 30. Kg2 Qh3+ 1/2-1/2

[Event "4NCL Division 4 South"]
[Site "Reading, ENG"]
[Date "2018.05.05"]
[Round "9.46"]
[White "Alcock, Graham P"]
[Black "Perez Fadon, Andres"]
[Result "0-1"]
[WhiteElo "1767"]
[BlackElo "1511"]
[PlyCount "98"]
[EventDate "2018.05.05"]

1. e4 e6 2. d4 d5 3. Bd3 dxe4 4. Bxe4 Nf6 5. Bf3 c5 6. Ne2 Nc6 7. c3 cxd4 8.
cxd4 Be7 9. Nbc3 Nb4 10. O-O O-O 11. Bf4 Nbd5 12. Be5 Bd6 13. Re1 a6 14. Rc1
Rb8 15. Qd2 Bc7 16. Qg5 Bxe5 17. dxe5 Nxc3 18. Nxc3 Nd5 19. Qxd8 Rxd8 20. Red1
b5 21. Nxd5 exd5 22. Bxd5 Bf5 23. Bb7 a5 24. f4 Rxd1+ 25. Rxd1 g6 26. Bf3 Be6
27. a3 Rc8 28. Rd2 Rc1+ 29. Kf2 Kf8 30. Ke3 Ke7 31. Be4 Rc4 32. Rc2 Rxe4+ 33.
Kf3 Rc4 34. Rd2 b4 35. axb4 Rxb4 36. g3 h5 37. Kf2 Bf5 38. Ke3 Rc4 39. h4 a4
40. Rd5 Rb4 41. Rd2 Be6 42. Kf2 Bb3 43. Rd6 Rc4 44. Ra6 Rc2+ 45. Kf3 Rxb2 46.
Ra7+ Kd8 47. Ke4 Ra2 48. Kf3 Ra1 49. Ra5 a3 0-1

[Event "4NCL Division 4 South"]
[Site "Reading, ENG"]
[Date "2018.05.05"]
[Round "9.51"]
[White "De Coverly, Roger D"]
[Black "Lambourne, Dan M"]
[Result "0-1"]
[WhiteElo "1934"]
[BlackElo "1972"]
[PlyCount "98"]
[EventDate "2018.05.05"]

1. e4 d5 2. exd5 Qxd5 3. Nc3 Qd8 4. d4 Nf6 5. Nf3 e6 6. Bd3 Be7 7. O-O Nc6 8.
Bf4 Bd6 9. Bg5 h6 10. Bxf6 Qxf6 11. Ne4 Qd8 12. Nxd6+ Qxd6 13. c3 O-O 14. Qe2
Qf4 15. Rfe1 b6 16. Qe4 Qxe4 17. Bxe4 Bb7 18. Ne5 Na5 19. Bxb7 Nxb7 20. Nc6 Nd8
21. Nxd8 21... Raxd8 $11 22. Re5 Rd6 23. Rae1 Rfd8 24. f4 Rd5 25. b4 R5d6 26.
f5 exf5 27. Rxf5 Rc6 28. Re7 f6 29. Rf3 Kf8 30. Rfe3 Rxc3 31. Rxc3 Kxe7 32.
Rxc7+ Rd7 33. Rxd7+ Kxd7 34. Kf2 Kd6 35. Ke3 Kd5 36. h4 h5 37. a3 a6 38. Kd3 a5
39. bxa5 bxa5 40. Ke3 a4 41. Kd3 g5 42. g3 gxh4 43. gxh4 f5 44. Ke3 Kc4 45. Kf4
Kxd4 46. Kxf5 Kc3 47. Kg5 Kb3 48. Kxh5 Kxa3 49. Kg6 Kb4 0-1

[Event "4NCL Division 4 South"]
[Site "Reading, ENG"]
[Date "2018.05.05"]
[Round "9.52"]
[White "Brown, Alan M"]
[Black "Bellers, Chris J"]
[Result "1/2-1/2"]
[WhiteElo "1971"]
[BlackElo "1937"]
[PlyCount "88"]
[EventDate "2018.05.05"]

1. d4 g6 2. e4 Bg7 3. Nf3 c5 4. c3 cxd4 5. cxd4 d5 6. e5 Bg4 7. Be2 Nc6 8. Be3
Nh6 9. O-O O-O 10. Nc3 Nf5 11. h3 Bxf3 12. Bxf3 e6 13. Qd2 f6 14. exf6 Qxf6 15.
Ne2 Ncxd4 16. Nxd4 Nxd4 17. Bxd4 Qxd4 18. Qxd4 Bxd4 19. Rad1 Bg7 20. Rfe1 Rfe8
21. Re2 Kf7 22. Rc1 Rac8 23. Rec2 Rxc2 24. Rxc2 Be5 25. Kf1 Ke7 26. Ke2 Kd6 27.
Kd3 Rf8 28. b3 Bf4 29. Bd1 e5 30. f3 h5 31. Re2 b5 32. Rc2 b4 33. Re2 Bh2 34.
Rc2 Bg1 35. Be2 Bd4 36. Bd1 Bc3 37. a3 a5 38. axb4 axb4 39. Ra2 Ke6 40. Ra6+
Kf5 41. Rd6 e4+ 42. fxe4+ dxe4+ 43. Ke3 Re8 44. Bc2 Re5 1/2-1/2